[Event "Hampshire Individual Championship 1969"]
[Site "Southampton"]
[Date "1968.10.10"]
[Round "1"]
[White "Cowling, Terry"]
[Black "Barton, AC."]
[Result "1-0"]
[WhiteElo "179"]
[BlackElo "181"]
[Annotator "Graham Stuart"]
[PlyCount "85"]
[EventDate "1698.10.11"]
[EventType "swiss"]
[EventRounds "10"]
[EventCountry "ENG"]
[SourceTitle "Hampshire Bulletin Nov 1968"]

1. d4 d5 2. Nf3 Nf6 3. Bf4 Bf5 4. e3 e6 5. c4 Bxb1 6. Qa4+ c6 7. Rxb1 dxc4 8. Qxc4 Nbd7 9. a3 Be7 10. Bd3 Nh5 11. Bg3 Nxg3 12. hxg3 h6 13. Qc2 Qc7 14. Ke2 Rc8 15. b4 Bf6 16. g4 Ke7 17. Rhc1 Rhd8 18. Rb3 Qd6 19. Nd2 Kf8 20. f4 Nb8 $2 {A lot of maneuvering by both players, but this is a mistake.} 21. Ne4 Qe7 22. Rh1 g6 {Black gives up a pawn in a difficult position.} (22... g5 23. fxg5 Bxg5 24. Rh5) 23. Rxh6 (23. Nxf6 Qxf6 24. Rxh6 {May be stronger.}) 23... Bg7 24. Rh3 Nd7 25. Rb1 Nf6 26. Ng5 Ke8 27. Nxf7 {Very difficult to resist this sacrifice.} Kxf7 28. Bxg6+ Kf8 29. Rbh1 Qd6 30. g5 Ng8 31. f5 e5 32. f6 Rc7 33. fxg7+ Rxg7 34. Rf3+ Ke7 35. Rh7 Rxh7 36. Bxh7 Kd7 37. dxe5 Qxe5 38. Bxg8 Rxg8 39. Qh7+ Rg7 40. Rf7+ Rxf7 41. Qxf7+ Kc8 42. g6 Qg3 43. g7 {Black lost on time in a losing position.} 1-0

[Event "Hampshire Individual Championship 1969"]
[Site "Southampton"]
[Date "1968.10.10"]
[Round "1"]
[White "Saverymuttu, Seth"]
[Black "Cullinane, AR."]
[Result "1-0"]
[WhiteElo "185"]
[BlackElo "167"]
[Annotator "Graham Stuart"]
[PlyCount "61"]
[EventDate "1698.10.11"]
[EventType "swiss"]
[EventRounds "10"]
[EventCountry "ENG"]
[SourceTitle "Hampshire Bulletin Nov 1968"]

{[%evp 0,61,25,27,21,-10,55,25,38,45,33,20,27,-13,10,12,8,34,37,-18,-6,1,36,37,46,45,51,54,57,63,66,-30,-28,-125,-67,-82,-29,-36,-25,-46,-36,-59,-19,-18,0,0,73,129,75,184,184,184,444,442,417,911,29985,29986,29987,29988,29993,29994,29995,29996]} 1. d4 Nf6 2. c4 g6 3. Nc3 Bg7 4. e4 d6 5. Be3 b6 6. Qd2 Bb7 {Black is hedging his bets by not caslting and seeing what White intends to do.} 7. f3 c5 8. d5 Nbd7 9. h4 Ne5 10. Nh3 Ba6 11. b3 h5 12. Nf2 Bc8 13. Be2 a6 14. Bf4 Nfd7 $16 15. g4 $6 (15. O-O {Probably better to castle, rather than g4 which allows Black back into the game.}) 15... b5 16. gxh5 b4 17. Ncd1 Nxf3+ {Tempting, but maybe c4 is the better target?} (17... Nxc4 18. Bxc4 Bxa1 19. hxg6 fxg6) 18. Bxf3 Bxa1 19. hxg6 fxg6 20. Nd3 Qa5 $2 (20... Ne5 21. Bxe5 Bxe5 22. Qg2 Bd4 23. Nf4 $11) 21. Qg2 Kd8 22. Qxg6 Qxa2 23. e5 Qxb3 {White is now winning.} 24. exd6 exd6 25. Qxd6 Bc3+ 26. Kf1 Bf6 27. Ne5 Rh7 28. Nc6+ Ke8 29. Qe6+ Re7 30. Bh5+ Kf8 31. Bh6+ 1-0

[Event "Hampshire Individual Championship 1969"]
[Site "Southampton"]
[Date "1968.10.10"]
[Round "1"]
[White "Thompson, Marshall"]
[Black "Stenhouse, Iain"]
[Result "1-0"]
[WhiteElo "188"]
[BlackElo "154"]
[Annotator "Graham Stuart"]
[PlyCount "63"]
[EventDate "1698.10.11"]
[EventType "swiss"]
[EventRounds "10"]
[EventCountry "ENG"]
[SourceTitle "Hampshire Bulletin Nov 1968"]

{[%evp 0,63,22,22,52,52,52,20,20,18,44,52,44,39,72,48,53,38,51,44,65,70,74,53,60,38,51,29,89,110,132,102,113,110,162,171,180,174,167,240,240,240,231,192,192,161,210,256,249,247,590,563,676,676,676,557,676,869,979,932,29987,29982,29991,29992,29997,29998]} 1. e4 c5 2. Nf3 Nc6 3. d4 cxd4 4. Nxd4 Nf6 5. Nc3 d6 6. Bg5 e6 7. Qd2 a6 8. O-O-O Nxd4 9. Qxd4 e5 $6 (9... Be7 {Is the theory as played against Gary Kasparov among others.} 10. f4 b5 11. Bxf6 gxf6 12. e5 d5 13. Kb1 b4 14. Ne2 a5 15. Ng3 f5 16. Nh5 Rb8 17. g4 fxg4 18. f5 Rg8 19. Nf6+ Bxf6 20. exf6 Qd6 21. Bg2 Rg5 22. Bxd5 Bd7 23. Rhe1 h6 24. fxe6 fxe6 25. Qa7 {1-0 Kasparov,G (2785)-Hracek,Z (2625) Olympiad-32 Yerevan 1996 (7.1)}) 10. Qd2 Be6 11. Kb1 Rc8 12. Bxf6 gxf6 13. Nd5 Bxd5 14. Qxd5 Qc7 {White has a fantastic position.} 15. c4 Be7 16. Be2 O-O 17. Bg4 Rb8 18. Bf5 Kh8 19. Rd3 Rg8 20. Rh3 {White ignores the free f pawn and is crashing through.} Rg7 21. Rd1 (21. Qd2 {Even stronger.}) 21... b5 22. Bxh7 Qxc4 {Taking the Bishop is not advisable.} (22... Rxh7 23. Rxh7+ Kxh7 24. Qxf7+ Kh6 25. Rd3 f5 26. Rh3+ Bh4 27. Rxh4+ Kg5 28. Rh5+ Kf4 29. Qxf5#) 23. Bf5+ Kg8 24. Qd2 Qd4 25. Qe2 Qc4 26. Qh5 Kf8 27. Qh6 Qe2 28. Rc1 Qxf2 29. Rg3 Bd8 30. Rxg7 Qf4 31. Qh7 d5 32. Rxf7+ 1-0

[Event "Hampshire Individual Championship 1969"]
[Site "Southampton"]
[Date "1968.10.11"]
[Round "2"]
[White "Collins, Peter M"]
[Black "Grunbley, F."]
[Result "1-0"]
[WhiteElo "177"]
[BlackElo "127"]
[Annotator "Graham Stuart"]
[PlyCount "83"]
[EventDate "1698.10.11"]
[EventType "swiss"]
[EventRounds "10"]
[EventCountry "ENG"]
[SourceTitle "Hampshire Bulletin Nov 1968"]

{[%evp 0,14,19,31,19,-13,-9,3,-7,-15,30,35,36,-8,-13,-15,-2]} 1. d4 {The Hamphire Bulletin Editor Mr GW Kilmister found this game very interesting.} d5 2. g3 Nf6 3. Bg2 e6 4. Nf3 Nbd7 5. O-O Be7 6. Nbd2 O-O 7. c3 c6 8. Qc2 Qc7 9. e4 dxe4 10. Nxe4 Nxe4 11. Qxe4 Nf6 12. Qe2 h6 13. h4 Re8 14. Ne5 {This Knight dominates the position, Black should try to dislodge it with Bd6, although taking will have its own issues.} Bd7 (14... Bd6 15. Re1 Nd5 (15... Bxe5 16. dxe5 Nh7)) 15. g4 (15. Bf4) 15... Nh7 16. g5 hxg5 17. Qh5 Rf8 18. hxg5 Be8 19. Re1 $2 {White makes a mistep.} (19. f4 Bd6 20. Qh3 g6) 19... Qd8 $2 {Black fails to take advantage of the mistake.} (19... Bxg5 $1 20. f4 Be7) 20. f4 g6 21. Qh6 Kh8 22. Re3 Rg8 23. Rh3 {White piles on the pressure and it is easily won from here.} Rg7 24. Be3 f6 25. Ng4 Bf7 26. d5 e5 27. gxf6 Bxf6 28. fxe5 Be7 29. e6 Bg8 30. Bd4 Qf8 31. Rf1 Bc5 32. Rxf8 Bxd4+ 33. cxd4 Rxf8 34. Ne5 Rf6 35. e7 Rxe7 36. Nxg6+ Rxg6 37. Qxg6 Rg7 38. Qe8 cxd5 39. Kh2 Rg5 40. Qd8 Rf5 41. Qe7 Bf7 42. Qf8+ 1-0

[Event "Hampshire Individual Championship 1969"]
[Site "Southampton"]
[Date "1968.10.11"]
[Round "2"]
[White "Saverymuttu, Seth"]
[Black "Thompson, Marshall"]
[Result "1-0"]
[WhiteElo "186"]
[BlackElo "188"]
[Annotator "Graham Stuart"]
[PlyCount "53"]
[EventDate "1698.10.11"]
[EventType "swiss"]
[EventRounds "10"]
[EventCountry "ENG"]
[SourceTitle "Hampshire Bulletin Nov 1968"]

{[%evp 0,53,19,30,46,46,40,27,35,37,27,7,-2,-8,44,42,43,54,78,89,90,66,63,60,87,62,100,100,130,101,104,69,93,76,47,69,234,222,261,261,440,387,513,513,513,513,556,559,554,324,324,316,316,316,794,-219]} 1. e4 {Two of the top players are matched in round 2. Marshall Thompson plays an aggressive attack as Black but White handles the complications very well and wins in under 30 moves.} c5 2. Nf3 Nc6 3. d4 cxd4 4. Nxd4 e5 5. Nxc6 bxc6 6. Bc4 Ba6 (6... Nf6 {Is more common.}) 7. Nd2 (7. Bxa6 Qa5+ 8. Nc3 Qxa6) 7... Bxc4 8. Nxc4 d6 9. O-O Nf6 10. Bg5 h6 11. Bh4 g5 12. Bg3 h5 {This all looks dangerous for White, but Saverymuttu deals with this efficiently.} 13. h4 Rg8 (13... Ng4) 14. hxg5 Rxg5 15. Qd3 Rg4 16. f4 h4 17. Bh2 {Black's attack is fizzling out and it is his King which is in the worse position now.} h3 (17... d5 18. Nxe5 Rg7 19. exd5 h3 20. Qxh3 Bc5+ 21. Kh1 Rh7 22. Qf5) 18. Qxh3 {Black's attack is no more.} exf4 19. Bxf4 Rg7 20. Rae1 Be7 21. e5 dxe5 22. Bxe5 Rh7 23. Nd6+ Kf8 24. Rxf6 Qb6+ 25. Qe3 Bxf6 26. Bxf6 Rh6 27. Bd4 1-0

[Event "Hampshire Individual Championship 1969"]
[Site "Southampton"]
[Date "1968.10.11"]
[Round "2"]
[White "Vine, Leslie Edward"]
[Black "Cowling, Terry"]
[Result "0-1"]
[WhiteElo "165"]
[BlackElo "179"]
[Annotator "Graham Stuart"]
[PlyCount "98"]
[EventDate "1698.10.11"]
[EventType "swiss"]
[EventRounds "10"]
[EventCountry "ENG"]

{[%evp 0,20,19,29,50,43,30,14,14,-3,-7,-7,5,-8,-6,-42,-45,-43,44,23,25,22,41]} 1. e4 {Good to see a nicely played French by Terry Cowling.} e6 2. d4 d5 3. e5 c5 4. c3 Nc6 5. Nf3 Qb6 6. Bd3 Bd7 7. O-O cxd4 8. cxd4 a6 (8... Nxd4 9. Nxd4 Qxd4 10. Nc3 {Although this is played a lot, I always think White gets excellent compensation for the pawn.}) 9. Bc2 Nge7 10. Nc3 Ng6 11. a3 Na5 12. b4 Nc4 {The computer loves White's postion.} 13. Na4 Qc7 14. Nc5 b6 15. Nd3 Be7 16. Ra2 {White wishes to move the Rook to c2 via a2, but maybe the direct h4 or a4 was better?} (16. h4) (16. a4) 16... a5 17. Bb3 {To swing the Rook over, but this looks the wrong idea.} (17. bxa5 Rxa5) 17... O-O 18. Rc2 Rfc8 19. Bxc4 $2 {This allows Black more space for his constricted pieces and he now has an excellent position.} dxc4 20. Nb2 c3 21. Qd3 axb4 22. axb4 Bxb4 23. Nd1 Ba4 {The Bishops dominate and the passed c pawn is very safe.} 24. Ra2 Qc6 25. Qe3 Bb5 26. Rxa8 Rxa8 27. d5 Qxd5 28. Re1 Rc8 29. Qxb6 Bc5 30. Qa5 Qb3 31. Ne3 Ne7 32. h4 Nc6 33. Qa1 Nb4 34. Rd1 h6 35. Ne1 Bc6 36. Qa3 Qxa3 (36... Ba4 37. Qxb3 Bxb3 38. Rd7 Ba4 {Would have been cleaner.}) 37. Bxa3 Ba4 38. Ra1 c2 {This allows White a chance, but with move 40 being close it maybe that both players were short of time?} (38... Bxe3 39. fxe3 c2 40. Kf2 Bb3) 39. Bc1 (39. Bxb4 Bxe3 40. Nxc2 Bxf2+ 41. Kxf2 Rxc2+ {Dispite two extra pawns this would not be that easy to win with the opposite colour bishops.}) 39... Bb3 40. Ra5 Na2 41. Nd3 Bb4 {Another mistep by Black} (41... Bxe3) 42. Rxa2 Bxa2 43. Nxb4 Bb3 44. Kf1 Rd8 45. Ke2 Rd1 46. Ba3 $2 (46. Nd3 $11 Ba4 47. f3 {Not sure Black can make any progress from this position?}) 46... c1=Q 47. Bxc1 Rxc1 48. Kd2 Rf1 49. Nd3 Ba4 {Adjudicated as a win for Black, which was the correct decision.} 0-1

[Event "Hampshire Individual Championship 1969"]
[Site "Southampton"]
[Date "1968.10.11"]
[Round "3"]
[White "Bennett, Gerald H"]
[Black "Cowling, Terry"]
[Result "1-0"]
[WhiteElo "184"]
[BlackElo "179"]
[Annotator "Graham Stuart"]
[PlyCount "47"]
[EventDate "1698.10.11"]
[EventType "swiss"]
[EventRounds "10"]
[EventCountry "ENG"]

1. e4 e6 2. d3 d5 3. Nd2 c5 4. Ngf3 Nc6 5. g3 Nf6 6. Bg2 dxe4 7. dxe4 e5 8. h3 b5 9. O-O Bb7 10. Qe2 Qb6 11. c3 Be7 12. a4 a6 13. Nh4 g6 14. Ndf3 O-O 15. Nh2 Rfd8 16. Ng4 Nh5 $2 {Black takes a mistep, White now weaves a very pretty attack with his Knights.} (16... Nxg4 17. Qxg4 h5 18. Qe2) 17. Nh6+ (17. Nf5 {Even stronger.}) 17... Kf8 18. N4f5 Bf6 19. Be3 b4 (19... Ng7 {Gives Black a better chance, but still losing.}) 20. Qc4 Qc7 21. Bxc5+ Ke8 22. Nd6+ {The mate threat on the f7 square allows Black to attack with impunity.} (22. Bb6 Qd7 23. Nd6+) 22... Rxd6 23. Bxd6 Qd7 24. Rfd1 {Black throws in the towel.} 1-0

[Event "Hampshire Individual Championship 1969"]
[Site "Southampton"]
[Date "1968.10.11"]
[Round "3"]
[White "Bower, DE."]
[Black "Saverymuttu, Seth"]
[Result "0-1"]
[WhiteElo "152"]
[BlackElo "185"]
[Annotator "Graham Stuart"]
[PlyCount "50"]
[EventDate "1698.10.11"]
[EventType "swiss"]
[EventRounds "10"]
[EventCountry "ENG"]

1. d4 Nf6 2. c4 g6 3. Nc3 Bg7 4. e4 d6 5. f3 O-O 6. Be3 Nc6 (6... c5 {Personally I like the c5 sac.}) 7. Qd2 e5 8. d5 Ne7 9. g4 c6 10. Nge2 b5 11. Ng3 bxc4 12. Bxc4 cxd5 13. exd5 Nd7 14. O-O-O Nb6 15. Bb3 a5 16. Bh6 a4 17. Bc2 $2 (17. Bxg7 Kxg7) 17... Nc4 {Black is now winning, but plays some very attractive attacking play to bring home the point.} 18. Qg5 f6 19. Qh4 Qb6 20. b3 axb3 21. Bxb3 Rxa2 $1 {Black must have seen this some time before entering the variation.} 22. Nxa2 Qxb3 23. Rd2 Nxd2 24. Bxd2 Qxa2 (24... Ba6 {Is even stronger.} 25. Bc3 Rb8 26. Bb4 (26. Nb4 Qxc3+) 26... Qxa2) 25. Kd1 Ba6 (25... Ba6 26. Ne2 Qb3+ 27. Ke1 Qxf3 28. Qf2 Qxh1+ 29. Qg1 Qe4) 0-1

[Event "Hampshire Individual Championship 1969"]
[Site "Southampton"]
[Date "1968.10.11"]
[Round "3"]
[White "Thompson, Marshall"]
[Black "Bramer, MA."]
[Result "1-0"]
[WhiteElo "188"]
[BlackElo "173"]
[Annotator "Graham Stuart"]
[PlyCount "45"]
[EventDate "1698.10.11"]
[EventType "swiss"]
[EventRounds "10"]
[EventCountry "ENG"]

{[%evp 0,45,19,40,71,76,91,25,37,9,51,57,19,0,0,0,47,60,41,44,45,62,58,54,94,94,94,76,95,90,93,98,122,75,81,79,74,63,507,511,519,522,745,663,954,954,954,962]} 1. e4 d6 2. d4 g6 3. c4 Bg7 4. f4 c6 5. Nc3 Qb6 6. Nf3 Bg4 7. Na4 Qc7 8. Be3 Nd7 9. Be2 e5 10. O-O Ngf6 11. Nc3 O-O 12. fxe5 dxe5 13. d5 cxd5 14. cxd5 a6 15. Rc1 Qa5 16. Nd2 Bxe2 17. Qxe2 Qb4 18. Rc2 Nc5 $2 {Black has been slightly worse, but now blunders a piece.} (18... Rfc8) 19. a3 Qa5 {The Queen has no good square.} (19... Qb6 20. b4) 20. b4 Qxa3 21. Bxc5 Rfc8 22. Nc4 Qb3 23. Rb1 1-0

[Event "Hampshire Individual Championship 1969"]
[Site "Southampton"]
[Date "1968.10.12"]
[Round "4"]
[White "Saverymuttu, Seth"]
[Black "Bennett, Gerald H"]
[Result "1-0"]
[WhiteElo "185"]
[BlackElo "184"]
[Annotator "Graham Stuart"]
[PlyCount "57"]
[EventDate "1698.10.11"]
[EventType "swiss"]
[EventRounds "10"]
[EventCountry "ENG"]

{[%evp 0,57,19,29,41,2,5,-42,34,-17,1,-9,-16,-7,19,28,22,33,42,29,13,9,24,7,-4,-4,-11,-17,-17,-6,-12,-43,-16,-48,-41,-57,-57,-46,-32,51,84,90,87,58,75,65,57,71,71,41,55,25,164,164,159,167,289,294,781,775]} 1. e4 e6 2. d3 d5 3. Nd2 c5 4. g3 Nc6 5. Bg2 Nf6 6. Ngf3 Qc7 7. O-O b6 8. Re1 Bb7 9. exd5 Nxd5 10. Ne4 O-O-O {The computer is not a fan of this move. In these positions it is difficult to know what to do with the King. Maybe leaving in the centre for now is best.} (10... Be7 11. c4 Nf6 12. Bf4) 11. a3 h6 12. c4 Nf6 13. Nc3 Qd7 14. Bf4 Bd6 15. Be3 $6 {Tempting to keep the Bishops on, but better to take Black's bishop.White has taken two moves to put his Bishop on e3 and Black now has his Bishop on his preferred d6 square.} (15. Bxd6) 15... Ng4 16. Nb5 Nxe3 17. Rxe3 (17. Nxd6+ Qxd6 18. Rxe3 {Is not any better.}) 17... Bb8 $2 (17... Be7 $1 18. b4 g5 19. a4 $11) 18. b4 $1 $16 a6 19. bxc5 {White can retreat the Knight, but this is slightly better.} bxc5 (19... axb5 20. cxb5 bxc5 (20... Na7 $4 21. c6 Bxc6 22. bxc6 Qe7 (22... Nxc6 23. Rc1 Bc7 24. d4 Ne7 25. Ne5 Qxd4 26. Qe2 Qa4 27. Nxf7))) 20. Nc3 Nd4 21. Nxd4 $2 (21. Ne4 Qc7 22. Rb1) 21... cxd4 22. Na4 Ba7 23. Bxb7+ Qxb7 24. Re2 Qc6 25. Rb1 {Black has got back into the game, although still worse.} Kc7 $4 {Black makes the final mistake.} (25... Kd7 26. Rb4 Ke7 27. Re4 Rb8 28. c5 Rxb4 29. axb4 Rd8) 26. Reb2 $4 Rb8 27. Qh5 $1 g6 28. Qe5+ Qd6 29. Rb7+ 1-0

[Event "Hampshire Individual Championship 1969"]
[Site "Southampton"]
[Date "1968.10.12"]
[Round "4"]
[White "Vine, Leslie Edward"]
[Black "StGray, J."]
[Result "1-0"]
[WhiteElo "165"]
[BlackElo "142"]
[Annotator "Graham Stuart"]
[PlyCount "57"]
[EventDate "1698.10.11"]
[EventType "swiss"]
[EventRounds "10"]
[EventCountry "ENG"]

{[%evp 0,57,32,25,46,46,46,15,8,8,48,-22,-9,-21,-17,-6,-6,-6,-6,-2,-4,0,19,12,12,12,67,67,59,65,75,75,73,71,58,68,99,66,114,91,206,225,186,104,288,304,308,288,535,524,750,763,763,551,586,588,737,453,1440,1440]} 1. e4 {A very well played game by Hampshire veteran Squadron Leader Vine against one of the lower ranked players.} c5 2. Nf3 Nc6 3. d4 cxd4 4. Nxd4 e6 5. f4 Bc5 6. Nb3 Bb6 7. c4 d6 8. Nc3 a6 9. Qf3 Nb4 10. Qe2 Ne7 11. a3 Nbc6 12. Be3 Ba7 $6 (12... O-O) 13. Rd1 Qc7 14. Bxa7 Rxa7 15. Qe3 O-O 16. Bd3 Ra8 17. O-O {White has an advantage, his White square Bishop is much better than Black's.} Ng6 18. Rf2 Nce7 19. Rfd2 e5 {Black tries the e5 break, but this gives White a decisive advantage.} 20. f5 $1 {Black's Knights do not have many options.} Nf4 21. Bb1 Rd8 22. g3 Nh5 23. c5 $1 {This break is curtains for Black.} Bxf5 24. cxd6 Qc6 25. dxe7 Rxd2 26. Rxd2 Bd7 27. Qc5 Nf6 28. Qxc6 Bxc6 29. Rd8+ 1-0

[Event "Hampshire Individual Championship 1969"]
[Site "Southampton"]
[Date "1968.10.12"]
[Round "5"]
[White "Cowling, Terry"]
[Black "Saverymuttu, Seth"]
[Result "0-1"]
[WhiteElo "179"]
[BlackElo "185"]
[Annotator "Graham Stuart"]
[PlyCount "46"]
[EventDate "1698.10.11"]
[EventType "swiss"]
[EventRounds "10"]
[EventCountry "ENG"]

{[%evp 0,16,19,38,18,26,21,8,20,5,7,0,12,12,14,1,10,-30,40]} 1. e4 e5 2. Nf3 Nc6 3. Bb5 a6 4. Ba4 Nf6 5. O-O b5 6. Bb3 Be7 7. Re1 O-O 8. c3 d5 {The Marshall attack.} 9. exd5 (9. d4 {d4 and d3 are lines which avoid accepting the sacrifice.}) (9. d3 dxe4 10. dxe4 Qxd1 11. Bxd1 {I have played this in blitz online, although the computer prefers Black.}) 9... Nxd5 10. Nxe5 Nxe5 11. Rxe5 Nf6 (11... c6 {Is more popular, but nothing wrong with the move played. I don't know much about the Marshall attack apart from it is normally good for equality for Black.}) 12. d4 Bd6 13. Re1 Ng4 14. g3 $2 {White does not need to play this weakening move.} (14. h3 Qh4 15. Qf3 h5 16. Be3) 14... Nxh2 (14... Qf6 {The computer prefers this, but who could resist taking on h2.}) 15. Bd5 $4 {As is often the way once you go wrong you don't find the correct move.} (15. Qh5 Ng4 16. Bg5 Qd7 17. Nd2 $11) 15... Bxg3 $1 {But Black still has to continue with sacrificing his pieces otherwise his advantage slips away.} 16. fxg3 Qxd5 17. Kxh2 Bb7 {White does not have time to develop his Queen side pieces and resist the attack.} 18. Rg1 Rae8 19. Bd2 Re6 20. c4 Qxd4 21. Bf4 Qf2+ 22. Kh3 Bc8 23. g4 Qxf4 {Mate will soon follow.} 0-1

[Event "Hampshire Individual Championship 1969"]
[Site "Southampton"]
[Date "1968.10.12"]
[Round "5"]
[White "StGray, J."]
[Black "Stenhouse, Iain"]
[Result "1-0"]
[WhiteElo "142"]
[BlackElo "154"]
[Annotator "Graham Stuart"]
[PlyCount "35"]
[EventDate "1698.10.11"]
[EventType "swiss"]
[EventRounds "10"]
[EventCountry "ENG"]

{[%evp 0,35,19,31,34,3,53,39,37,33,31,9,24,2,61,39,73,61,69,1,14,35,44,20,28,33,42,28,30,6,48,3,60,73,69,69,603,578]} 1. d4 Nf6 2. c4 g6 3. Nc3 Bg7 4. e4 d6 5. f4 O-O 6. Nf3 Nbd7 (6... c5 7. d5 e6 {Is another way to play this.}) 7. Be2 e5 8. fxe5 dxe5 9. d5 Qe7 10. O-O Nc5 11. Qc2 a5 12. Bg5 Bd7 $6 (12... h6 13. Bh4 g5 14. Bg3) 13. Rad1 Qd6 14. Nd2 h6 15. Bh4 Nh7 (15... Ng4 {Is much better, as White's best reply is to take it.} 16. Bxg4 Bxg4 17. Rb1) 16. Nb5 $1 Qb6 17. Bf2 {A nasty pin.} Bxb5 $4 (17... Rfd8 18. Kh1 Bf8) 18. cxb5 {The Knight is dropping.} 1-0

[Event "Hampshire Individual Championship 1969"]
[Site "Southampton"]
[Date "1968.10.17"]
[Round "6"]
[White "Bennett, Gerald H"]
[Black "Cullinane, AR."]
[Result "1/2-1/2"]
[WhiteElo "184"]
[BlackElo "167"]
[Annotator "Graham Stuart"]
[PlyCount "64"]
[EventDate "1698.10.11"]
[EventType "swiss"]
[EventRounds "10"]
[EventCountry "ENG"]

{[%evp 0,64,36,-14,18,27,9,-21,23,-8,40,-13,8,-1,-1,1,10,8,4,6,-2,14,7,1,32,-32,44,-31,55,-60,52,-59,59,-59,66,-52,62,-45,53,-9,22,-9,9,39,-38,35,-27,35,0,0,3,0,0,-17,0,0,0,52,-46,56,-32,32,-32,32,-38,38,-38]} 1. Nf3 Nf6 2. g3 g6 3. Bg2 Bg7 4. O-O d6 5. d3 e5 6. c4 O-O 7. Nc3 Nc6 8. Rb1 a5 9. a3 h6 10. b4 axb4 11. axb4 Nh5 12. b5 Ne7 13. Qb3 Kh7 14. Bd2 f5 15. Ra1 Rxa1 16. Rxa1 Be6 17. Ne1 {White has a nice advantage at this stage of the game.} b6 18. Ra8 Qd7 19. Qa2 $11 (19. Rxf8 Bxf8 20. Nc2 Bg7 21. Nb4 $14) 19... Rxa8 20. Qxa8 Nf6 21. Bc6 Nxc6 22. bxc6 Qf7 23. Qd8 Ne8 24. Nc2 Bf6 25. Qb8 e4 26. Nb5 exd3 27. exd3 d5 28. Bf4 dxc4 29. dxc4 Bxc4 30. Nxc7 Nxc7 31. Qxc7 Qxc7 32. Bxc7 Bb5 {Draw agreed in a level position. At first glance Black having the two Bishops may seem like an advantage, but once the b and c pawns are exchanged there is not much for Black to do.} 1/2-1/2